000 00369 a2200169 4500
001 68796
020 _a850801712X
040 _cAnchieta - Itaigara
100 _aJunqueira, Sônia
240 1 0 _aUm palhaço diferente
_lpor
245 1 0 _aUm palhaço diferente
300 _a24
362 0 _a2000
440 1 _aÁtica
650 4 _aLiteratura infantil
942 _cBK
999 _c68796
_d68796